<?xml version="1.0" encoding="UTF-8"?>
<record
    xmlns:xsi="http://www.w3.org/2001/XMLSchema-instance"
    xsi:schemaLocation="http://www.loc.gov/MARC21/slim http://www.loc.gov/standards/marcxml/schema/MARC21slim.xsd"
    xmlns="http://www.loc.gov/MARC21/slim">

  <leader>02013naa a2200301 i 4500</leader>
  <controlfield tag="001">176</controlfield>
  <controlfield tag="003">KOSZ 005</controlfield>
  <controlfield tag="005">20191005093907.0</controlfield>
  <controlfield tag="008">151204s2000    pl     f     |100 0 pol</controlfield>
  <datafield tag="040" ind1=" " ind2=" ">
    <subfield code="c">BPK</subfield>
    <subfield code="d">KOSZ 005/EG</subfield>
  </datafield>
  <datafield tag="080" ind1=" " ind2=" ">
    <subfield code="a">004.021</subfield>
  </datafield>
  <datafield tag="080" ind1=" " ind2=" ">
    <subfield code="a">004.272</subfield>
  </datafield>
  <datafield tag="100" ind1="1" ind2=" ">
    <subfield code="a">KANYEVSKYY, Yuriy.</subfield>
    <subfield code="d">1996 - 2001.</subfield>
    <subfield code="b">Politechnika Koszali&#x144;ska - Wydzia&#x142; Elektroniki,</subfield>
    <subfield code="c">Katedra In&#x17C;ynierii Komputerowej</subfield>
  </datafield>
  <datafield tag="245" ind1="1" ind2="0">
    <subfield code="a">Modele VHDL filtr&#xF3;w FIR przeznaczonych do realizacji w uk&#x142;adach FPGA /</subfield>
    <subfield code="c">Jerzy Kaniewski, Robert Berezowski, Dariusz Gretkowski, Oleg Maslennikov, Przemys&#x142;aw Soltan.</subfield>
  </datafield>
  <datafield tag="500" ind1=" " ind2=" ">
    <subfield code="a">Dane z Informatora o publikowanych wynikach prac naukowo-badawczych w 2000 roku Wydzia&#x142;u Elektroniki.</subfield>
  </datafield>
  <datafield tag="520" ind1=" " ind2=" ">
    <subfield code="a">W pracy rozpatrywane jest zagadnienie projektowania struktur macierzy procesor&#xF3;w (PA) dla system&#xF3;w cyfrowego przetwarzania sygna&#x142;&#xF3;w (DSP), na przyk&#x142;adzie algorytm&#xF3;w FIR filtracji. Syntezuj&#x105;c struktur&#x119; PA wykonuj&#x105;c&#x105; algorytm FIR filtracji przedstawione zosta&#x142;y etapy proponowanej metodologii projektowania.</subfield>
  </datafield>
  <datafield tag="650" ind1=" " ind2="0">
    <subfield code="a">Konwersja danych.</subfield>
  </datafield>
  <datafield tag="650" ind1=" " ind2="0">
    <subfield code="a">Filtracja cyfrowa.</subfield>
  </datafield>
  <datafield tag="650" ind1=" " ind2="0">
    <subfield code="a">Uk&#x142;ady logiczne programowalne FPGA.</subfield>
  </datafield>
  <datafield tag="655" ind1=" " ind2="0">
    <subfield code="a">Materia&#x142;y konferencyjne.</subfield>
  </datafield>
  <datafield tag="700" ind1="1" ind2=" ">
    <subfield code="a">SO&#x141;TAN, Przemys&#x142;aw.</subfield>
    <subfield code="d">1998 - 2006.</subfield>
    <subfield code="b">Politechnika Koszali&#x144;ska - Wydzia&#x142; Elektroniki,</subfield>
    <subfield code="c">Katedra In&#x17C;ynierii Komputerowej</subfield>
  </datafield>
  <datafield tag="700" ind1="1" ind2=" ">
    <subfield code="a">BEREZOWSKI, Robert.</subfield>
    <subfield code="d">1998 - .</subfield>
    <subfield code="b">Politechnika Koszali&#x144;ska - Wydzia&#x142; Elektroniki,</subfield>
    <subfield code="c">Katedra In&#x17C;ynierii Komputerowej</subfield>
  </datafield>
  <datafield tag="700" ind1="1" ind2=" ">
    <subfield code="a">GRETKOWSKI, Dariusz.</subfield>
    <subfield code="d">1996 - .</subfield>
    <subfield code="b">Politechnika Koszali&#x144;ska - Wydzia&#x142; Elektroniki,</subfield>
    <subfield code="c">Katedra System&#xF3;w Cyfrowego Przetwarzania Sygna&#x142;&#xF3;w</subfield>
  </datafield>
  <datafield tag="711" ind1="2" ind2="2">
    <subfield code="a">RUC 2000</subfield>
    <subfield code="n">(3 ;</subfield>
    <subfield code="d">2000 ;</subfield>
    <subfield code="c">Szczecin, Polska).</subfield>
  </datafield>
  <datafield tag="773" ind1="0" ind2=" ">
    <subfield code="i">W :</subfield>
    <subfield code="t">Materia&#x142;y III Krajowej Konferencji "Reprogramowalne uk&#x142;ady cyfrowe", RUC'2000. -</subfield>
    <subfield code="d">Szczecin, 2000. -</subfield>
    <subfield code="g">s. 269-276</subfield>
  </datafield>
  <datafield tag="700" ind1="1" ind2=" ">
    <subfield code="a">Maslennikow, Oleg</subfield>
    <subfield code="d">1996 - 2010.</subfield>
    <subfield code="b">Politechnika Koszali&#x144;ska - Wydzia&#x142; Elektroniki,</subfield>
    <subfield code="c">Katedra In&#x17C;ynierii Komputerowej</subfield>
  </datafield>
  <datafield tag="942" ind1=" " ind2=" ">
    <subfield code="c">ROZ</subfield>
    <subfield code="2">UKD</subfield>
  </datafield>
  <datafield tag="999" ind1=" " ind2=" ">
    <subfield code="c">176</subfield>
    <subfield code="d">176</subfield>
  </datafield>
</record>
